[Event "Escacs 206"]
[Site "http://www.queenalice.com/game.php?id=1866210"]
[Date "2025.11.26"]
[Round "-"]
[White "alterego"]
[Black "digger"]
[Result "0-1"]
[WhiteElo "1523"]
[BlackElo "1740"]

1. d4 d5 2. c4 dxc4 3. g3 e6 4. Bg2 Bb4+ 5. Nc3 Nf6 6. a3 Be7 7. Nf3 O-O 8. O-O
c6 9. b4 cxb3 10. Qxb3 Qd6 11. Bf4 Qd7 12. Rad1 Bd6 13. Bxd6 Qxd6 14. Ng5 b6 15.
Nge4 Nxe4 16. Nxe4 Qc7 17. f4 Nd7 18. Ng5 Nf6 19. e4 Qb7 20. e5 Nd5 21. Ne4 a5
22. Nd6 Qa7 23. Nxc8 Raxc8 24. a4 Rfd8 25. Qf3 Rb8 26. Qg4 Ne3 27. Qf3 Nxf1 28.
Bxf1 Rdc8 29. Bd3 g6 30. Qg4 b5 31. axb5 cxb5 32. Be4 a4 33. Kg2 a3 34. d5 exd5
35. Bxd5 Rc2+ 36. Kh3 Qf2 37. Rh1 Rd2 38. f5 Qxf5 39. Qxf5 gxf5 40. Rf1 Rxd5 41.
Rxf5 Rb6 42. Rf1 Rxe5 43. Ra1 b4 0-1

[Event "Escacs 207"]
[Site "http://www.queenalice.com/game.php?id=1866211"]
[Date "2025.11.26"]
[Round "-"]
[White "digger"]
[Black "alterego"]
[Result "1-0"]
[WhiteElo "1747"]
[BlackElo "1516"]

1. d4 g6 2. e4 Bg7 3. Nf3 a6 4. Nc3 b5 5. b4 Nc6 6. a3 e6 7. Qe2 Bxd4 8. Qd3 Bg7
9. Bb2 Ne5 10. Nxe5 Bxe5 11. O-O-O Ne7 12. g3 Bb7 13. f4 Bg7 14. Bg2 O-O 15.
Qxd7 Qxd7 16. Rxd7 Nc6 17. Rxc7 Nd8 18. Rd1 f5 19. e5 Bh6 20. Rdd7 Bxg2 21. Rxh7
Nf7 22. Rxh6 Nxh6 23. Re7 Ng4 24. Rxe6 Kg7 25. Rd6 Nxh2 26. e6 Rfe8 27. Nd5+ Kh6
28. Nc7 Red8 29. Rc6 Rac8 30. Rc5 Nf3 31. e7 Nd4 32. exd8=Q Rxd8 33. Nxa6 Ne2+
34. Kb1 Rd1+ 35. Bc1 Rxc1+ 36. Kb2 Rd1 37. Rxb5 Bf1 38. Rb6 Nxg3 39. Nc5 Rd2 40.
Nb3 Rf2 41. a4 Bd3 42. Nd4 Nh5 43. Kc3 Bf1 44. Nxf5+ Kh7 45. Ne7 Nxf4 46. Rb7
Rf3+ 47. Kb2 g5 48. Nc6+ Kh6 49. Ne5 Re3 50. Ng4+ Kh5 51. Nxe3 g4 52. Nxf1 1-0

[Event "Challenge"]
[Site "http://www.queenalice.com/game.php?id=1866229"]
[Date "2025.11.27"]
[Round "-"]
[White "Mlintz"]
[Black "digger"]
[Result "1-0"]
[WhiteElo "1933"]
[BlackElo "1754"]

1. e4 e5 2. Nf3 d6 3. Bc4 Qf6 4. Nc3 c6 5. d4 c5 6. Ng5 Nh6 7. Nd5 Qd8 8. h3
cxd4 9. Qf3 Nc6 10. Nb6 f6 11. Nxa8 Bd7 12. Ne6 Qxa8 13. Nc7+ Kd8 14. Nxa8 Be7
15. Qg3 g6 16. Bxh6 Kc8 17. Bd2 Kb8 18. Nb6 axb6 19. a3 f5 20. exf5 Bxf5 21. c3
dxc3 22. bxc3 Rd8 23. Bd5 Na5 24. c4 Rc8 25. Bxa5 bxa5 26. Rb1 Rc7 27. Rxb7+
Rxb7 28. Bxb7 Kxb7 29. O-O Kc6 30. Qf3+ e4 31. Qb3 Bd8 32. Qb5+ Kc7 33. Rb1 Bc8
34. Qxa5+ Kd7 35. Qa7+ Ke8 36. Qxh7 Be6 37. Qxg6+ Bf7 38. Qxd6 Bxc4 39. Qc6+ 1-0

[Event "Challenge"]
[Site "http://www.queenalice.com/game.php?id=1866230"]
[Date "2025.11.27"]
[Round "-"]
[White "digger"]
[Black "Mlintz"]
[Result "0-1"]
[WhiteElo "1745"]
[BlackElo "1862"]

1. e4 e5 2. d4 exd4 3. Qxd4 Nc6 4. Qd5 Nf6 5. Qc4 Be7 6. Bf4 O-O 7. Bd3 d6 8.
Nf3 Be6 9. Qb5 Qc8 10. c4 a6 11. Qb3 Na5 12. Qc2 b5 13. cxb5 axb5 14. Bxb5 c6
15. Be2 Qb7 16. Ng5 h6 17. O-O hxg5 18. Bxg5 Nh7 19. Bxe7 Qxe7 20. h3 Qg5 21.
Nd2 Bxh3 22. g3 c5 23. Rfe1 Nf6 24. Bf3 Ra7 25. Rad1 Nb7 26. Kh2 Qh6 27. Kg1
Rxa2 28. Qb3 Ra7 29. e5 Be6 30. Qb6 Rfa8 31. Bxb7 Rxb7 32. Qxb7 Bd5 33. Qxa8+
Bxa8 34. f3 dxe5 35. Nc4 Bxf3 36. Rd8+ Kh7 37. Nxe5 Qh1+ 38. Kf2 Qg2+ 39. Ke3
Nd5+ 40. Kd3 Qxg3 41. Nxf3 Qxf3+ 42. Kc4 Nb6+ 43. Kb5 Nd5 44. Re5 Qb3+ 45. Kxc5
Qb6+ 46. Kxd5 Qxd8+ 47. Kc4 Qh4+ 48. Kc5 Qf2+ 49. Kc4 Qxb2 50. Rh5+ Kg6 51. Rb5
Qxb5+ 52. Kxb5 Kf5 53. Kc5 Kf4 54. Kd4 g5 55. Kd3 Kf3 56. Kd4 f6 0-1

[Event "Escacs 210"]
[Site "http://www.queenalice.com/game.php?id=1866948"]
[Date "2025.12.12"]
[Round "-"]
[White "alterego"]
[Black "digger"]
[Result "0-1"]
[WhiteElo "1465"]
[BlackElo "1721"]

1. d4 d5 2. g3 Nf6 3. Bg2 c6 4. a3 e6 5. Nf3 Bd6 6. b4 O-O 7. O-O Re8 8. Bg5 h6
9. Bh4 Be7 10. Nbd2 Nh5 11. Bxe7 Rxe7 12. Ne5 Nd7 13. Nxd7 Qxd7 14. e3 Nf6 15.
c4 e5 16. cxd5 cxd5 17. Nb3 b6 18. f4 exf4 19. exf4 Ng4 20. Rf3 Ne3 21. Qd3 Qe8
22. Bh1 Bf5 23. Qd2 Ng4 24. Rc3 Re2 25. Qd1 Re3 26. Rac1 Rxc3 27. Rxc3 h5 28.
Rc7 Qd8 29. Bxd5 Qxd5 30. Rc3 a6 31. Nc1 Qe4 32. Ne2 b5 33. d5 Qb1 34. Qxb1 Bxb1
35. Nd4 Rd8 36. Rc5 Nf6 37. Nf5 Ne4 38. Ne7+ Kh7 39. Rc1 Ba2 40. Rc2 Bb3 41. Re2
Nf6 42. Re3 Bxd5 43. Nxd5 Nxd5 44. Re5 Kg6 45. Kg2 f6 46. Re6 Nc7 47. Re1 Rd2+
48. Kh3 Rd3 49. Rc1 Nd5 50. Rc6 Rxa3 51. Rd6 Nxb4 52. Kh4 Nd3 53. Rd5 Ne1 54.
Rxh5 b4 55. f5+ Kf7 56. Kg4 Ra4 57. h4 b3+ 0-1

[Event "Escacs 211"]
[Site "http://www.queenalice.com/game.php?id=1866949"]
[Date "2025.12.12"]
[Round "-"]
[White "digger"]
[Black "alterego"]
[Result "0-1"]
[WhiteElo "1713"]
[BlackElo "1485"]

1. Nf3 g6 2. d4 Bg7 3. e3 a6 4. Nc3 b5 5. b4 Nc6 6. Bb2 Nf6 7. Qd2 Bb7 8. d5
Nxb4 9. O-O-O O-O 10. Ba3 Nbxd5 11. Nxd5 Nxd5 12. Nd4 d6 13. f3 Qd7 14. Bb2 c5
15. e4 Nb4 16. Nb3 Nxa2+ 17. Kb1 Nb4 18. Nxc5 Qc7 19. Bxg7 Kxg7 20. Qxb4 dxc5
21. Qc3+ e5 22. h4 b4 23. Qc4 Rad8 24. Be2 Rxd1+ 25. Rxd1 Qb6 26. Qb3 Bc8 27.
Qd5 Re8 28. Kb2 Be6 29. Qd6 Qxd6 30. Rxd6 a5 31. Bb5 Ra8 32. Rc6 Bd7 33. Rb6 Be6
34. Bc6 Rd8 35. g4 Rd2 36. Kc1 Rf2 37. Rb5 Rxf3 38. Rxa5 Rf1+ 39. Kb2 Bxg4 40.
Rxc5 Rf4 41. Kb3 Bd1 42. Rxe5 Rxh4 43. Rb5 Rh3+ 44. Kb2 Rc3 45. Rb6 Bxc2 46. Bd5
Rc7 47. Rxb4 Bd3 48. e5 Rc5 49. Rd4 Rb5+ 50. Kc3 Be2 51. Rd2 Bf1 52. Rd1 Be2 53.
Rd2 Rc5+ 54. Kb3 Ba6 55. Kb4 Rb5+ 56. Ka4 Rb8 57. Ka5 Bc8 58. Rf2 Bf5 59. Bc4
Re8 60. Re2 Bg4 61. Re4 Bf3 62. Re3 Bg2 63. Bb5 Ra8+ 64. Kb6 Rb8+ 65. Kc5 Rc8+
66. Kd4 h5 67. Bd7 Rd8 68. e6 fxe6 69. Ke5 Rxd7 70. Kxe6 Bh3+ 71. Ke5 Re7+ 72.
Kd4 Rxe3 73. Kxe3 g5 74. Kf3 Bd7 75. Kg3 g4 76. Kh4 Kg6 77. Kg3 Kg5 78. Kg2 h4
79. Kf2 Bc6 80. Kg1 g3 81. Kf1 h3 82. Kg1 h2+ 83. Kf1 h1=Q+ 84. Ke2 Bb5+ 85. Ke3
g2 86. Ke4 g1=Q+ 87. Ke5 Qc5+ 88. Ke6 Qh6+ 89. Kf7 Bc4+ 90. Ke8 Qa7 91. Kd8 Qh8#
0-1